Az állatvédelem jogi szabályozása
Elmentve itt :
| Szerző: | |
|---|---|
| További közreműködők: | |
| Dokumentumtípus: | Szakdolgozat |
| Megjelent: |
2006
|
| Tárgyszavak: | |
| Online Access: | http://diploma.bibl.u-szeged.hu/29604 |
| LEADER | 00579nta a2200157 i 4500 | ||
|---|---|---|---|
| 001 | dipl29604 | ||
| 005 | 20110712092950.0 | ||
| 008 | 110712s2006 hu om 0|| zxx d | ||
| 040 | |a SZTE Diploma Repozitórium |b hun | ||
| 041 | |a zxx | ||
| 100 | 1 | |a Erdélyi Ilona Anna | |
| 245 | 1 | 3 | |a Az állatvédelem jogi szabályozása |h [elektronikus dokumentum] / |c Ilona Anna Erdélyi |
| 260 | |c 2006 | ||
| 650 | 4 | |a Jogi és igazgatási tanulmányok | |
| 700 | 2 | |a Farkas Csamangó Erika |e ths | |
| 856 | 4 | 0 | |u http://diploma.bibl.u-szeged.hu/id/eprint/29604/1/2006_erdelyi_ilona_anna_145_2006.pdf |z Dokumentum-elérés |